01000nam a2200265 i 450000100060000000300090000600500170001500700030003200800390003502000180007408000250009208000190011710000330013624501520016925000120032126000300033330000380036350000120040165000760041365500380048970000460052785200220057399900170059595201220061210619ES-MaACL20250825062626.0t|940601s1994 sp a |||| | spa a84-207-5630-X a087.5:398.22(460.13) a398.22(460.13)1 aHernúñez, Pollux.96312310aMonstruos, duendes y seres fantásticos de la mitología cántabra /ctextos de Pollux Hernúñez ; ilustraciones de José Ramón Sánchez. a1ª ed. aMadrid : bAnaya, c1994. a139 p : bil. col. y n ; c28 cm. aIndice. 4aLeyendas-zCantabria (Comunidad Autónoma)-vLibros infantiles.915113 7aLibros infantiles2tgfbne92267861 aSánchez, José Ramón,d1936-91514984 aES-MaACLjL-18059 c10619d10619 00104070aATENEOMbATENEOMcDEPO2d2008-01-17eSCl0oL-18059p1010831r2023-02-23 00:00:00w2023-02-23yMONOGRAFIA